Africa's tarnishe name (Record no. 131288)
[ view plain ]
| 000 -LEADER | |
|---|---|
| fixed length control field | 00870cam a22002774a 4500 |
| 001 - CONTROL NUMBER | |
| control field | 15719725 |
| 003 - CONTROL NUMBER IDENTIFIER | |
| control field | ARRUPE |
| 005 - DATE AND TIME OF LATEST TRANSACTION | |
| control field | 20220411081210.0 |
| 008 - FIXED-LENGTH DATA ELEMENTS--GENERAL INFORMATION | |
| fixed length control field | 090430s2009 nyu 000 0deng |
| 010 ## - LIBRARY OF CONGRESS CONTROL NUMBER | |
| LC control number | 2009017480 |
| 020 ## - INTERNATIONAL STANDARD BOOK NUMBER | |
| International Standard Book Number | 9780241338834 |
| 040 ## - CATALOGING SOURCE | |
| Original cataloging agency | DLC |
| Transcribing agency | DLC |
| Modifying agency | DLC |
| 043 ## - GEOGRAPHIC AREA CODE | |
| Geographic area code | f-nr--- |
| 050 00 - LIBRARY OF CONGRESS CALL NUMBER | |
| Classification number | PR9387.9.A3 |
| Item number | Z46 2009 |
| 300 ## - PHYSICAL DESCRIPTION | |
| Dimensions | 16 cm. |
| 100 1# - MAIN ENTRY--PERSONAL NAME | |
| Personal name | Achebe, Chinua. |
| 9 (RLIN) | 10462 |
| 245 14 - TITLE STATEMENT | |
| Title | Africa's tarnishe name |
| Statement of responsibility, etc | Chinua Achebe. |
| 250 ## - EDITION STATEMENT | |
| Edition statement | Penguin Modern |
| Remainder of edition statement | 28 |
| 260 ## - PUBLICATION, DISTRIBUTION, ETC. (IMPRINT) | |
| Place of publication, distribution, etc | Random House |
| Name of publisher, distributor, etc | Penguin |
| Date of publication, distribution, etc | 2009. |
| 300 ## - PHYSICAL DESCRIPTION | |
| Extent | 55 p. ; |
| 650 #0 - SUBJECT ADDED ENTRY--TOPICAL TERM | |
| Topical term or geographic name as entry element | Achebe, Chinua. |
| 9 (RLIN) | 10463 |
| 650 #0 - SUBJECT ADDED ENTRY--TOPICAL TERM | |
| Topical term or geographic name as entry element | Authors, Nigerian |
| Chronological subdivision | 20th century |
| Form subdivision | Biography. |
| 9 (RLIN) | 10464 |
| 651 #0 - SUBJECT ADDED ENTRY--GEOGRAPHIC NAME | |
| Geographic name | Nigeria |
| Form subdivision | Biography. |
| 9 (RLIN) | 10465 |
| 906 ## - LOCAL DATA ELEMENT F, LDF (RLIN) | |
| a | 7 |
| b | cbc |
| c | orignew |
| d | 1 |
| e | ecip |
| f | 20 |
| g | y-gencatlg |
| 942 ## - ADDED ENTRY ELEMENTS (KOHA) | |
| Source of classification or shelving scheme | Library of Congress Classification |
| Koha item type | Monograph ( Printed materials) |
| Koha issues (borrowed), all copies | 11 |
| Withdrawn status | Lost status | Source of classification or shelving scheme | Damaged status | Not for loan | Home library | Current library | Date acquired | Total Checkouts | Full call number | Barcode | Date last seen | Price effective from | Koha item type |
|---|---|---|---|---|---|---|---|---|---|---|---|---|---|
| Library of Congress Classification | ARRUPE LIBRARY | ARRUPE LIBRARY | 11/04/2022 | PR9387.9.A3 Z46 2009 | 46600006348 | 11/04/2022 | 11/04/2022 | Monograph ( Printed materials) |